000 00639cac a22001811u 4500
090 _c7766
008 090106t 1999xxu||||| |||| 00| 0 eng d
020 _a 0333760093
082 _a658.054678
_bROW
100 _aRowan, Wingham
245 _aNet benefit :
_bguaranteed electronic markets : the ultimate potential of online trade /
_c Wingham Rowan
260 _aBasingstoke : .
_bMacmillan Business,
_c1999
300 _axiv,240p. :
_b ill. ;
_c 25cm
504 _aIncludes bibliographical references and index.
650 _a Telemarketing
650 _aInternet
_x Government policy.
942 _cNB
_k658.054678ROW
_2ddc
999 _c7766
_d7766